000 00987nam a22002172 4500
001 0000009488
005 20151217161142.0
008 081031s xx 000 0 eng d
020 _a0917006012 :
_cKES 2000
040 _aKABU
_cKABU
100 1 _aStrong, James.
_@0000149003
245 1 4 _aThe Exhaustive concordance of the Bible :
_bshowing every word of the text of the common English version of the conical books and every occurrence of each word in regular order; together with Dictionaries of the Hebrew and Greek words of the original, with reference to the English words /
_cJames Strong.
260 _aPeabody, MA. :
_bHendrickson,
_c2004.
300 _a1340, 128, 79 p. +
_e1 CD-ROM.
650 0 _aBible
_xConcordances.
_@0000161009
650 0 _aHebrew language
_vDictionaries
_xEnglish.
_@0000148966
650 0 _aGreek language Biblical
_xDictionaries
_xEnglish.
_@0000161010
908 _a081031
950 _@1
999 _c15091
_d15091